<?xml version='1.0' encoding='UTF-8'?><?xml-stylesheet href='static/style.xsl' type='text/xsl'?><OAI-PMH xmlns="http://www.openarchives.org/OAI/2.0/" xmlns:xsi="http://www.w3.org/2001/XMLSchema-instance" xsi:schemaLocation="http://www.openarchives.org/OAI/2.0/ http://www.openarchives.org/OAI/2.0/OAI-PMH.xsd"><responseDate>2026-04-30T21:21:27Z</responseDate><request verb="GetRecord" identifier="oai:ebiltegia.mondragon.edu:20.500.11984/4088" metadataPrefix="marc">https://ebiltegia.mondragon.edu/oai/request</request><GetRecord><record><header><identifier>oai:ebiltegia.mondragon.edu:20.500.11984/4088</identifier><datestamp>2024-01-04T21:56:53Z</datestamp><setSpec>com_20.500.11984_1736</setSpec><setSpec>com_20.500.11984_1627</setSpec><setSpec>col_20.500.11984_1972</setSpec></header><metadata><record xmlns="http://www.loc.gov/MARC21/slim" xmlns:dcterms="http://purl.org/dc/terms/" xmlns:xsi="http://www.w3.org/2001/XMLSchema-instance" xmlns:doc="http://www.lyncode.com/xoai" xsi:schemaLocation="http://www.loc.gov/MARC21/slim http://www.loc.gov/standards/marcxml/schema/MARC21slim.xsd">
   <leader>00925njm 22002777a 4500</leader>
   <datafield ind2=" " ind1=" " tag="042">
      <subfield code="a">dc</subfield>
   </datafield>
   <datafield ind2=" " ind1=" " tag="720">
      <subfield code="a">Mondragon Unibertsitatea</subfield>
      <subfield code="e">author</subfield>
   </datafield>
   <datafield ind2=" " ind1=" " tag="260">
      <subfield code="c">2014-12-01</subfield>
   </datafield>
   <datafield ind2=" " ind1=" " tag="520">
      <subfield code="a">Aitor Arregi Ikus-entzunezko Komunikazioa graduko irakaslearen "Zarautzen erosi zuen" film laburrak irabazi ditu Lekeitioko 37. Euskal Zine Bilerako sari nagusia eta zuzendari onenaren saria. Gainera, irabazleen  zerrendan badira Humanitate eta Hezkuntza Zientzien Fakultateko ikasle ohiek egindako bi lan ere: "Anonymous" eta "Positibatzera" lanak, hain zuzen ere.</subfield>
   </datafield>
   <datafield ind2=" " ind1=" " tag="520">
      <subfield code="a">El corto "Zarautzen erosi zuen" ("La compró en Zarautz") de Aitor Arregi, profesor del grado de Comunicación Audiovisual de MONDRAGON UNIBERTSITATEA, ha resultado ganador de los premios al mejor film y al de mejor director en el 37. certamen Cine Vasco de Lekeitio. Ademas, los trabajos "Anonymous" y "Positibatzera" realizados por exalumnos de ese grado han recibido también sendos premios.</subfield>
   </datafield>
   <datafield ind2=" " ind1=" " tag="520">
      <subfield code="a">The short film Zarautzen erosi zuen by Aitor Arregi, a teacher on the Audiovisual Communication degree at MONDRAGON UNIVERSITY has won the awards for best film and best director at the 37th Basque Film Awards in Lekeitio. In addition, the Anonymous and Positibatzera films by former students on the degree have also received awards.</subfield>
   </datafield>
   <datafield ind1="8" ind2=" " tag="024">
      <subfield code="a">https://hdl.handle.net/20.500.11984/4088</subfield>
   </datafield>
   <datafield tag="653" ind2=" " ind1=" ">
      <subfield code="a">Humanitate eta Hezkuntza Zientzien Fakultatea</subfield>
   </datafield>
   <datafield ind2="0" ind1="0" tag="245">
      <subfield code="a">Ikus-entzunezko Komunikazioa graduko irakasle eta ikasle ohiak irabazle Lekeitioko 37. Euskal Zinema Bileran</subfield>
   </datafield>
   <datafield ind2="0" ind1="0" tag="245">
      <subfield code="a">Profesores y exalumnos del grado de Comunicación audiovisual ganadores en el 37. Certamen Cine Vasco de Lekeitio</subfield>
   </datafield>
   <datafield ind2="0" ind1="0" tag="245">
      <subfield code="a">Contest winners at 37th Basque Film Awards in Lekeitio are former students and a teacher from  Audiovisual Communication degree</subfield>
   </datafield>
</record></metadata></record></GetRecord></OAI-PMH>